| 000 | 00481nam a2200157Ia 4500 | ||
|---|---|---|---|
| 005 | 20250509041151.0 | ||
| 008 | 240331s9999 xx 000 0 und d | ||
| 020 | _a9789550249152 | ||
| 082 | _a891 | ||
| 100 | _aMarasinghe,S | ||
| 245 | 0 | _aKantha Saha Gehenu Daru Arakshanya Pilibanda Sri Lanka Namavaliya | |
| 260 |
_aColombo _bChild Development & Women's Affairs Ministry _c2012 |
||
| 300 | _a380 p ., | ||
| 500 | _aA book of Women's & Child protection rules & Laws | ||
| 942 | _cL | ||
| 999 |
_c5830 _d5830 |
||